000
00320nam a22001337a 4500
008
250314b |||||||| |||| 00| 0 eng d
020
_a
9732120405
050
_a
HD1410
_b
.I57
100
_a
CBN
245
_a
Impact of Structural Adjustment Programme
260
_a
Ondo
_b
CBN Niser
_c
1992
300
_a
190p.
942
_c
BK
999
_c
2356
_d
2356